[Event "Senior-DM 65+ 2023"]
[Site "Aalborg"]
[Date "2023.02.20"]
[Round "2"]
[White "Svane, Henrik"]
[Black "Munk, Kai S"]
[Result "1/2-1/2"]
[WhiteElo "2014"]
[BlackElo "1929"]
[PlyCount "77"]
[EventDate "2023.02.19"]
[EventType "swiss"]
[EventRounds "7"]
[EventCountry "DEN"]
[SourceTitle "Live v Hans Engen"]

1. d4 Nf6 2. c4 e6 3. Nc3 Bb4 4. f3 d5 5. a3 Bxc3+ 6. bxc3 h6 7. cxd5 exd5 8.
e3 Bf5 9. Ne2 O-O 10. Ng3 Bg6 11. Bd3 Bxd3 12. Qxd3 Re8 13. O-O c5 14. Ra2 Nbd7
15. Raf2 Rc8 16. Bb2 Qc7 17. e4 cxd4 18. cxd4 Qc4 19. Qb1 Qb5 20. e5 Nh7 21.
Nf5 Re6 22. Nd6 Rxd6 23. exd6 Nb6 24. Qf5 Rd8 25. Re1 Nc4 26. Qd3 Qc6 27. Rfe2
Nf6 28. d7 Qxd7 29. Re7 Qc6 30. Bc1 a5 31. g4 Kf8 32. g5 hxg5 33. Bxg5 Rc8 34.
Qf5 Nd6 35. Qb1 Ng8 36. R7e2 Qc3 37. Qb6 Nf5 38. Rc1 Qxd4+ 39. Qxd4 1/2-1/2

[Event "Senior-DM 65+ 2023"]
[Site "Aalborg"]
[Date "2023.02.20"]
[Round "2"]
[White "Petersen, Jan"]
[Black "Jensen, Bent Kiel"]
[Result "1-0"]
[WhiteElo "1641"]
[BlackElo "1556"]
[PlyCount "72"]
[EventDate "2023.02.19"]
[EventType "swiss"]
[EventRounds "7"]
[EventCountry "DEN"]
[SourceTitle "Live v Hans Engen"]

1. d4 d5 2. c4 e6 3. Nf3 Nf6 4. Nc3 Be7 5. Bf4 c6 6. Qc2 Nbd7 7. c5 Nh5 8. Bd2
Qc7 9. b4 e5 10. e4 exd4 11. Nxd4 dxe4 12. Qxe4 Qe5 13. Be2 Qxe4 14. Nxe4 Nhf6
15. Nd6+ Bxd6 16. cxd6 Nb6 17. O-O Be6 18. Rfe1 Kd7 19. Nxe6 fxe6 20. Bf4 Nfd5
21. Bd2 Kxd6 22. Rad1 Ke7 23. Bg5+ Nf6 24. Bg4 Rad8 25. Bxf6+ gxf6 26. Rxe6+
Kf7 27. Rde1 Nd5 28. Bh5+ Kg7 29. a3 Nf4 30. Re7+ Kh6 31. Bf3 Rd3 32. Rxb7 Rxa3
33. Bxc6 Rb3 34. g3 Nd3 35. Re4 Ne5 36. Rh4+ Kg5 1-0

[Event "Senior-DM 65+ 2023"]
[Site "Aalborg"]
[Date "2023.02.20"]
[Round "2"]
[White "Fjordside, Arne Dan"]
[Black "Nielsen, Peter"]
[Result "1-0"]
[WhiteElo "1829"]
[BlackElo "1685"]
[PlyCount "39"]
[EventDate "2023.02.19"]
[EventType "swiss"]
[EventRounds "7"]
[EventCountry "DEN"]
[SourceTitle "Live v Hans Engen"]

1. d4 Nf6 2. Bf4 c5 3. e3 cxd4 4. exd4 e6 5. Nf3 Be7 6. c3 O-O 7. Bd3 b6 8. Qe2
Bb7 9. O-O d6 10. h3 Nbd7 11. Nbd2 Nd5 12. Bh2 N7f6 13. Rfe1 Re8 14. Bb5 Rf8
15. Bd3 Rc8 16. Ne4 Re8 17. Neg5 h6 18. Nxf7 Kxf7 19. Qxe6+ Kf8 20. Bg6 1-0

[Event "Senior-DM 65+ 2023"]
[Site "Aalborg"]
[Date "2023.02.20"]
[Round "2"]
[White "Gottschalck, Christian"]
[Black "Meldgaard, Frode"]
[Result "0-1"]
[WhiteElo "1691"]
[BlackElo "1804"]
[PlyCount "96"]
[EventDate "2023.02.19"]
[EventType "swiss"]
[EventRounds "7"]
[EventCountry "DEN"]
[SourceTitle "Live v Hans Engen"]

1. e4 d6 2. d4 Nd7 3. Nc3 e6 4. f4 Be7 5. Nf3 h6 6. h4 Ngf6 7. Be2 a6 8. Be3 b5
9. e5 Ng4 10. Bg1 f5 11. Qd2 Nb6 12. b3 d5 13. Nd1 Bd7 14. a3 a5 15. c3 Qc8 16.
Nb2 O-O 17. Nd3 a4 18. b4 Nc4 19. Qc1 Be8 20. Nc5 Bf7 21. Nd2 Qd8 22. Nf3 c6
23. g3 Ra7 24. Rh3 Bxc5 25. dxc5 Rc7 26. Nd4 Qe8 27. Ra2 Bh5 28. Bf2 Qg6 29.
Kf1 Re8 30. Kg2 Nxf2 31. Kxf2 Bxe2 32. Rxe2 Qg4 33. Rh1 Kf7 34. Nf3 Qg6 35. Nd2
Rd8 36. Nf3 Ke7 37. Nd4 Kd7 38. Ra2 Kc8 39. Qd1 Kb7 40. h5 Qf7 41. Qf3 Rg8 42.
g4 fxg4 43. Qxg4 Nxe5 44. Qxe6 Qxf4+ 45. Kg2 Rf8 46. Qh3 Rcf7 47. Qg3 Qe4+ 48.
Kh2 Ng4+ 0-1

[Event "Senior-DM 65+ 2023"]
[Site "Aalborg"]
[Date "2023.02.20"]
[Round "2"]
[White "Bjornes, Leif"]
[Black "Christensen, Claus"]
[Result "1-0"]
[WhiteElo "1811"]
[BlackElo "1536"]
[PlyCount "53"]
[EventDate "2023.02.19"]
[EventType "swiss"]
[EventRounds "7"]
[EventCountry "DEN"]
[SourceTitle "Live v Hans Engen"]

1. d4 d5 2. c4 c6 3. Nf3 Nf6 4. Nc3 Bf5 5. Qb3 Qb6 6. Qxb6 axb6 7. cxd5 e6 8.
dxe6 Bxe6 9. Ng5 Bc4 10. e3 Bxf1 11. Rxf1 h6 12. Nge4 Nbd7 13. Bd2 Nxe4 14.
Nxe4 Be7 15. Ke2 O-O 16. Rfc1 Nf6 17. Nxf6+ Bxf6 18. Bc3 Rad8 19. Rd1 Rfe8 20.
Rd3 Be7 21. Rad1 f6 22. d5 Rxd5 23. Rxd5 cxd5 24. Rxd5 Rd8 25. Rxd8+ Bxd8 26.
Kd3 Kf7 27. Kc4 1-0

[Event "Senior-DM 65+ 2023"]
[Site "Aalborg"]
[Date "2023.02.20"]
[Round "2"]
[White "Andersson, Finn"]
[Black "Christensen, Verner"]
[Result "1/2-1/2"]
[WhiteElo "1701"]
[BlackElo "1824"]
[PlyCount "43"]
[EventDate "2023.02.19"]
[EventType "swiss"]
[EventRounds "7"]
[EventCountry "DEN"]
[SourceTitle "Live v Hans Engen"]

1. e4 e5 2. Nf3 Nc6 3. d4 exd4 4. Nxd4 Bc5 5. Be3 Qf6 6. c3 Nge7 7. Bc4 O-O 8.
O-O Ne5 9. Be2 Bb6 10. Nd2 N7c6 11. f4 Nxd4 12. cxd4 Nc6 13. e5 Qe7 14. Nc4 d6
15. Nxb6 axb6 16. Qd2 Rd8 17. Qc3 dxe5 18. dxe5 Qb4 19. Qxb4 Nxb4 20. Rad1 Bf5
21. Rxd8+ Rxd8 22. Rd1 1/2-1/2

[Event "Senior-DM 65+ 2023"]
[Site "Aalborg"]
[Date "2023.02.20"]
[Round "2"]
[White "Matras, Ove"]
[Black "Bohnstedt, Michael"]
[Result "1-0"]
[WhiteElo "1787"]
[BlackElo "1470"]
[PlyCount "61"]
[EventDate "2023.02.19"]
[EventType "swiss"]
[EventRounds "7"]
[EventCountry "DEN"]
[SourceTitle "Live v Hans Engen"]

1. e4 c5 2. Nf3 Nc6 3. c3 e5 4. Bc4 Nf6 5. d3 d5 6. exd5 Nxd5 7. O-O Bg4 8. Re1
Be7 9. h3 Bh5 10. g4 Bg6 11. Nxe5 O-O 12. Bxd5 Qxd5 13. Nxc6 Qxc6 14. Rxe7 Rad8
15. Re3 c4 16. d4 Be4 17. Nd2 Bd5 18. b3 b5 19. bxc4 bxc4 20. Nf1 f5 21. gxf5
Rxf5 22. Rg3 Rdf8 23. Be3 Rf3 24. Qd2 Qe6 25. Qc2 Rxg3+ 26. fxg3 Qxh3 27. Qh2
Qf5 28. Re1 Qd3 29. Re2 Qxc3 30. Rf2 Re8 31. Qh5 1-0

[Event "Senior-DM 65+ 2023"]
[Site "Aalborg"]
[Date "2023.02.20"]
[Round "2"]
[White "Jorgensen, Orla Eilegaard"]
[Black "Gregor, Jan"]
[Result "0-1"]
[WhiteElo "1482"]
[BlackElo "1687"]
[PlyCount "52"]
[EventDate "2023.02.19"]
[EventType "swiss"]
[EventRounds "7"]
[EventCountry "DEN"]
[SourceTitle "Live v Hans Engen"]

1. e4 c6 2. d4 d5 3. e5 c5 4. c3 c4 5. Bg5 h6 6. Bh4 g5 7. Bg3 Bf5 8. Nd2 e6 9.
Qa4+ Qd7 10. Qxd7+ Nxd7 11. b3 Ba3 12. bxc4 Bb2 13. Rd1 Bc2 14. cxd5 Bxd1 15.
Kxd1 Bxc3 16. dxe6 fxe6 17. Ne2 Bxd2 18. Kxd2 Ne7 19. f3 O-O-O 20. f4 gxf4 21.
Bxf4 Ng6 22. g3 Ndxe5 23. Ke3 Nc4+ 24. Kd3 b5 25. Bg2 e5 26. Ke4 exf4 0-1

[Event "Senior-DM 65+ 2023"]
[Site "Aalborg"]
[Date "2023.02.20"]
[Round "2"]
[White "Pilgaard, Johannes"]
[Black "Nielsen, Bent K"]
[Result "1-0"]
[WhiteElo "1664"]
[BlackElo "1304"]
[PlyCount "51"]
[EventDate "2023.02.19"]
[EventType "swiss"]
[EventRounds "7"]
[EventCountry "DEN"]
[SourceTitle "Live v Hans Engen"]

1. e4 g6 2. d4 Bg7 3. f4 d6 4. Nf3 Bg4 5. Be2 Nf6 6. Qd3 O-O 7. O-O e5 8. Be3
Re8 9. h3 Bxf3 10. Bxf3 exf4 11. Bxf4 Nc6 12. c3 Ne7 13. Nd2 Kh8 14. Rae1 c6
15. Nc4 Nc8 16. e5 Nd5 17. Bxd5 cxd5 18. Nxd6 Nxd6 19. exd6 Qd7 20. Qf3 Re6 21.
Qxd5 Rae8 22. Rxe6 Rxe6 23. Qc5 Qc6 24. Qxc6 bxc6 25. d7 Bf6 26. Be5 1-0

[Event "Senior-DM 65+ 2023"]
[Site "Aalborg"]
[Date "2023.02.20"]
[Round "2"]
[White "Lindhard, Lars"]
[Black "Poulsen, Knud"]
[Result "0-1"]
[WhiteElo "1284"]
[BlackElo "1699"]
[PlyCount "112"]
[EventDate "2023.02.19"]
[EventType "swiss"]
[EventRounds "7"]
[EventCountry "DEN"]
[SourceTitle "Live v Hans Engen"]

1. e4 d5 2. exd5 Nf6 3. Nc3 Bg4 4. Nf3 Nxd5 5. Nxd5 Qxd5 6. Be2 Nc6 7. c3 O-O-O
8. d4 h6 9. O-O e6 10. Re1 Bd6 11. h3 h5 12. Ng5 Bxe2 13. Qxe2 Qf5 14. Ne4 Be7
15. b3 g5 16. Ng3 Qg6 17. Bb2 Rh7 18. Rad1 g4 19. Qd3 Qg8 20. Ne2 gxh3 21. Qxh3
Qg4 22. Rd3 Qxh3 23. Rxh3 h4 24. Bc1 Rg8 25. Nf4 Rhg7 26. Re2 Bg5 27. f3 Ne7
28. Bd2 Bxf4 29. Bxf4 Nf5 30. Rf2 Rg6 31. a4 f6 32. Bd2 Kd7 33. Re2 c6 34. b4
Re8 35. Bf4 b6 36. Kf2 Rh8 37. Kf1 Rgg8 38. Ke1 Ne7 39. Kd2 Nd5 40. g3 b5 41.
a5 Nxf4 42. gxf4 Rg3 43. Reh2 Rxh3 44. Rxh3 Kd6 45. Kd3 Kd5 46. f5 e5 47. Ke3
exd4+ 48. cxd4 Kc4 49. Ke4 Kxb4 50. d5 cxd5+ 51. Kxd5 Kxa5 52. Ke6 Rh6 53. Rh1
h3 54. Rh2 b4 55. Kd5 Kb5 56. Kd4 a5 0-1

[Event "Senior-DM 65+ 2023"]
[Site "Aalborg"]
[Date "2023.02.21"]
[Round "3"]
[White "Andreasen, Per Naesby"]
[Black "Pedersen, Karsten Nymann"]
[Result "1/2-1/2"]
[WhiteElo "2229"]
[BlackElo "2057"]
[PlyCount "34"]
[EventDate "2023.02.19"]
[EventType "swiss"]
[EventRounds "7"]
[EventCountry "DEN"]
[SourceTitle "Live v Hans Engen"]

1. Nf3 Nf6 2. d4 e6 3. g3 d5 4. Bg2 Be7 5. O-O O-O 6. c4 dxc4 7. Qa4 a6 8. Qxc4
b5 9. Qc2 Bb7 10. Bg5 Nbd7 11. Bxf6 Nxf6 12. Nbd2 Rc8 13. Nb3 Be4 14. Qc3 Bd5
15. Rfc1 Qd6 16. Nc5 Rfd8 17. Rd1 Ne4 1/2-1/2

[Event "Senior-DM 65+ 2023"]
[Site "Aalborg"]
[Date "2023.02.21"]
[Round "3"]
[White "Olesen, Poul Erik Norgaard"]
[Black "Mikkelsen, Peter Jorgen Dam"]
[Result "0-1"]
[WhiteElo "1981"]
[BlackElo "2101"]
[PlyCount "144"]
[EventDate "2023.02.19"]
[EventType "swiss"]
[EventRounds "7"]
[EventCountry "DEN"]
[SourceTitle "Live v Hans Engen"]

1. e4 c6 2. d3 d5 3. Nc3 Nf6 4. e5 Nfd7 5. d4 e6 6. f4 c5 7. Nce2 Nc6 8. c3 g6
9. Nf3 a6 10. Be3 b6 11. g3 Bb7 12. Bg2 Bg7 13. Qd2 Qc7 14. O-O Ne7 15. Rac1 c4
16. h3 h5 17. Ng5 Nf5 18. Bf3 b5 19. Bf2 Nb6 20. Kg2 O-O-O 21. Rh1 Bh6 22. g4
Bxg5 23. gxf5 Bh6 24. fxe6 fxe6 25. Bh4 Rdf8 26. Bf6 Rhg8 27. h4 Qf7 28. Rcf1
Nd7 29. Bg5 Bg7 30. Ng3 Rh8 31. Qc2 Kc7 32. a4 Bc6 33. a5 Rb8 34. b3 cxb3 35.
Qxb3 Rhc8 36. Rb1 Bf8 37. Qd1 Be7 38. Rf1 Nf8 39. Qd3 Be8 40. Be2 Kb7 41. Rb3
Rc7 42. Qf3 Ka7 43. Kh2 Rbc8 44. Kh3 Nd7 45. Qe3 Nb8 46. Rfb1 Bf8 47. Bf3 Qd7
48. Kh2 Rc4 49. Ra1 Qc7 50. Rc1 b4 51. Ne2 Ba4 52. Rbb1 bxc3 53. f5 gxf5 54.
Nf4 Qd7 55. Rb6 R8c6 56. Be2 Ba3 57. Ra1 Bb2 58. Rg1 c2 59. Bxc4 Rxc4 60. Rxe6
c1=Q 61. Rxc1 Bxc1 62. Qxc1 Rxc1 63. Re7 Qxe7 64. Bxe7 Nc6 65. Bc5+ Rxc5 66.
dxc5 d4 67. e6 Ne7 68. Kg1 Bd1 69. Kf2 Kb7 70. Ke1 Bg4 71. Kd2 Kc6 72. Nd3 Kb5
0-1

[Event "Senior-DM 65+ 2023"]
[Site "Aalborg"]
[Date "2023.02.21"]
[Round "3"]
[White "Kolbak, Jens"]
[Black "Falberg, Hugo"]
[Result "1-0"]
[WhiteElo "2134"]
[BlackElo "1902"]
[PlyCount "73"]
[EventDate "2023.02.19"]
[EventType "swiss"]
[EventRounds "7"]
[EventCountry "DEN"]
[SourceTitle "Live v Hans Engen"]

1. e4 e5 2. Nf3 Nc6 3. Bb5 a6 4. Ba4 Nf6 5. O-O Be7 6. Re1 b5 7. Bb3 d6 8. c3
O-O 9. h3 Na5 10. Bc2 c5 11. d4 Qc7 12. Nbd2 cxd4 13. cxd4 Bb7 14. Nf1 Rac8 15.
Bd3 Rfe8 16. Ng3 h6 17. d5 Nc4 18. b3 Nb6 19. Be3 Nbd7 20. a4 bxa4 21. Rxa4 Ra8
22. Qa1 Reb8 23. Rc1 Qd8 24. Bxa6 Bxa6 25. Rxa6 Ne8 26. Rxa8 Rxa8 27. Qc3 Nb6
28. Rb1 Qb8 29. Qc6 Ra6 30. Rc1 Kf8 31. Nd2 Bd8 32. Nc4 Nxc4 33. Qxa6 Nxe3 34.
Rc8 Qxb3 35. Rxd8 Ke7 36. Qc8 Qd1+ 37. Kh2 1-0

[Event "Senior-DM 65+ 2023"]
[Site "Aalborg"]
[Date "2023.02.21"]
[Round "3"]
[White "Christiansen, Jens Jorgen"]
[Black "Ortoft, Kai"]
[Result "0-1"]
[WhiteElo "2095"]
[BlackElo "1923"]
[PlyCount "60"]
[EventDate "2023.02.19"]
[EventType "swiss"]
[EventRounds "7"]
[EventCountry "DEN"]
[SourceTitle "Live v Hans Engen"]

1. e4 d6 2. d4 Nf6 3. Nc3 c6 4. f4 Qa5 5. Qd3 e5 6. Nf3 Nbd7 7. Bd2 Qc7 8. Be2
Be7 9. O-O O-O 10. Kh1 b5 11. fxe5 dxe5 12. Nxe5 Nxe5 13. dxe5 Qxe5 14. Bf4 Qc5
15. e5 Nd5 16. Nxd5 cxd5 17. Qxb5 Qxb5 18. Bxb5 Rb8 19. a4 a6 20. e6 Rb6 21.
exf7+ Rxf7 22. Be3 Re6 23. Be8 Rxf1+ 24. Rxf1 Rxe3 25. Bf7+ Kh8 26. Bxd5 Re2
27. c4 Rxb2 28. g3 Bh3 29. Re1 g6 30. g4 Rf2 0-1

[Event "Senior-DM 65+ 2023"]
[Site "Aalborg"]
[Date "2023.02.21"]
[Round "3"]
[White "Munk, Kai S"]
[Black "Madsen, Svend Aage"]
[Result "1/2-1/2"]
[WhiteElo "1929"]
[BlackElo "2030"]
[PlyCount "110"]
[EventDate "2023.02.19"]
[EventType "swiss"]
[EventRounds "7"]
[EventCountry "DEN"]
[SourceTitle "Live v Hans Engen"]

1. d4 d5 2. Nf3 Nf6 3. Bf4 c5 4. e3 Nc6 5. Be2 Bf5 6. O-O e6 7. c3 Qb6 8. b3
Ne4 9. Nfd2 Be7 10. Nxe4 Bxe4 11. Nd2 Bg6 12. Nf3 O-O 13. Ne5 Nxe5 14. Bxe5
Rac8 15. Bd3 Bxd3 16. Qxd3 c4 17. Qd2 cxb3 18. Rab1 Qa5 19. Rxb3 b6 20. f3 Rc4
21. Rc1 Rfc8 22. Bg3 b5 23. Be1 Qb6 24. Rcb1 a6 25. Qe2 Qc6 26. R1b2 Bd8 27.
Rb4 Ba5 28. Rxc4 Qxc4 29. Qxc4 Rxc4 30. Rb3 Ra4 31. a3 Kf8 32. Kf1 Ke8 33. Ke2
Kd7 34. Kd3 Bc7 35. Bg3 Bxg3 36. hxg3 Ke7 37. Kc2 Kf6 38. Kb2 Kg5 39. Rb4 Rxb4+
40. cxb4 f5 41. Kc2 h5 42. Kd3 h4 43. gxh4+ Kxh4 44. Ke2 Kg3 45. Kf1 g5 46. Kg1
f4 47. exf4 gxf4 48. Kf1 Kh4 49. Kf2 Kg5 50. g3 fxg3+ 51. Kxg3 Kf5 52. Kf2 Kf4
53. Ke2 Kg5 54. Ke3 Kf5 55. Ke2 Kf4 1/2-1/2

[Event "Senior-DM 65+ 2023"]
[Site "Aalborg"]
[Date "2023.02.21"]
[Round "3"]
[White "Johnsen, Oystein"]
[Black "Svane, Henrik"]
[Result "1/2-1/2"]
[WhiteElo "1918"]
[BlackElo "2014"]
[PlyCount "28"]
[EventDate "2023.02.19"]
[EventType "swiss"]
[EventRounds "7"]
[EventCountry "DEN"]
[SourceTitle "Live v Hans Engen"]

1. d4 d5 2. Nf3 Nf6 3. e3 Bg4 4. Bd3 e6 5. Nbd2 c5 6. b3 Nc6 7. Bb2 Bd6 8. a3
a6 9. dxc5 Bxc5 10. e4 dxe4 11. Nxe4 Nxe4 12. Bxe4 Qb6 13. O-O Rd8 14. Qc1 Bxf3
1/2-1/2

[Event "Senior-DM 65+ 2023"]
[Site "Aalborg"]
[Date "2023.02.21"]
[Round "3"]
[White "Thuesen, Mogens Henrik"]
[Black "Petersen, Jan"]
[Result "1-0"]
[WhiteElo "2137"]
[BlackElo "1641"]
[PlyCount "71"]
[EventDate "2023.02.19"]
[EventType "swiss"]
[EventRounds "7"]
[EventCountry "DEN"]
[SourceTitle "Live v Hans Engen"]

1. d4 d5 2. c4 c6 3. Nf3 Nf6 4. Nc3 g6 5. Bf4 Bg7 6. e3 O-O 7. h3 Qa5 8. Qd2 a6
9. c5 Qd8 10. Bd3 Re8 11. O-O Nbd7 12. Bh2 b6 13. b4 b5 14. a4 Bb7 15. g4 Nf8
16. Ne5 N6d7 17. f4 Nxe5 18. fxe5 Ne6 19. Ne2 Bh6 20. Nf4 Qd7 21. Qf2 Rf8 22.
Qg2 f6 23. axb5 axb5 24. Rxa8 Rxa8 25. exf6 Nxf4 26. Bxf4 Bxf4 27. Rxf4 exf6
28. Rxf6 Qe7 29. Qf3 Rf8 30. Rxf8+ Qxf8 31. Qxf8+ Kxf8 32. Kf2 Kf7 33. g5 Bc8
34. Kg3 Be6 35. h4 Kg7 36. Kf4 1-0

[Event "Senior-DM 65+ 2023"]
[Site "Aalborg"]
[Date "2023.02.21"]
[Round "3"]
[White "Andersen, Lars Christoff"]
[Black "Bjornes, Leif"]
[Result "1/2-1/2"]
[WhiteElo "2009"]
[BlackElo "1811"]
[PlyCount "100"]
[EventDate "2023.02.19"]
[EventType "swiss"]
[EventRounds "7"]
[EventCountry "DEN"]
[SourceTitle "Live v Hans Engen"]

1. Nf3 d5 2. g3 Nf6 3. Bg2 g6 4. O-O Bg7 5. c4 c6 6. d4 O-O 7. b3 Bf5 8. Bb2
Nbd7 9. cxd5 cxd5 10. Nc3 e6 11. h3 Ne4 12. Nxe4 Bxe4 13. Qd2 Qe7 14. Rfc1 Rfc8
15. Qa5 Rxc1+ 16. Rxc1 Nb6 17. Ba3 Qd8 18. Ne5 Bxg2 19. Kxg2 Bf8 20. Bxf8 Kxf8
21. Qc5+ Ke8 22. Qc7 Nd7 23. Qxb7 Nxe5 24. dxe5 Qb8 25. Rc7 Qxb7 26. Rxb7 a5
27. Kf3 a4 28. Ke3 axb3 29. axb3 Ra1 30. b4 Ra3+ 31. Kd4 Ra2 32. b5 Rxe2 33. f4
Rg2 34. Kc5 Rxg3 35. b6 Rxh3 36. Kd6 Kf8 37. Rb8+ Kg7 38. Rc8 Rb3 39. Rc6 g5
40. fxg5 Kg6 41. Kc7 Kxg5 42. b7 Rxb7+ 43. Kxb7 Kf5 44. Rc7 Kxe5 45. Rxf7 d4
46. Kc6 Ke4 47. Rxh7 d3 48. Kd6 d2 49. Rh1 Ke3 50. Kxe6 Ke2 1/2-1/2

[Event "Senior-DM 65+ 2023"]
[Site "Aalborg"]
[Date "2023.02.21"]
[Round "3"]
[White "Meldgaard, Frode"]
[Black "Skovgaard, Tom"]
[Result "1-0"]
[WhiteElo "1804"]
[BlackElo "1982"]
[PlyCount "81"]
[EventDate "2023.02.19"]
[EventType "swiss"]
[EventRounds "7"]
[EventCountry "DEN"]
[SourceTitle "Live v Hans Engen"]

1. e4 Nf6 2. Nc3 d5 3. exd5 Nxd5 4. Nxd5 Qxd5 5. d4 Bf5 6. Be3 e6 7. Ne2 c6 8.
Nf4 Qd8 9. Bd3 Bxd3 10. Qxd3 Be7 11. O-O O-O 12. Nh5 Nd7 13. Qe2 g6 14. Ng3 Nf6
15. c4 Re8 16. Rad1 Qc7 17. h4 h5 18. Qf3 Rad8 19. Bf4 Qa5 20. Bg5 Kg7 21. a3
Qc7 22. Rfe1 Ng8 23. Ne4 Rd7 24. Bf4 Qd8 25. g3 b6 26. Be5+ f6 27. Ng5 Bf8 28.
Qxc6 fxe5 29. Rxe5 Qc8 30. Nxe6+ Kf6 31. Qf3+ Ke7 32. Nxf8+ Kd8 33. Nxd7 Kxd7
34. Qf7+ Re7 35. Qd5+ Kc7 36. c5 Rxe5 37. Qxe5+ Kb7 38. Qe4+ Ka6 39. c6 Nf6 40.
Qd3+ b5 41. d5 1-0

[Event "Senior-DM 65+ 2023"]
[Site "Aalborg"]
[Date "2023.02.21"]
[Round "3"]
[White "Christiansen, Arne"]
[Black "Matras, Ove"]
[Result "1-0"]
[WhiteElo "1957"]
[BlackElo "1787"]
[PlyCount "66"]
[EventDate "2023.02.19"]
[EventType "swiss"]
[EventRounds "7"]
[EventCountry "DEN"]
[SourceTitle "Live v Hans Engen"]

1. d4 c6 2. c4 d5 3. Nf3 Bg4 4. e3 Nf6 5. Nc3 e6 6. Be2 Nbd7 7. O-O Bd6 8. b3
Rc8 9. h3 Bh5 10. Bb2 Bb8 11. Rc1 Qc7 12. g3 Bg6 13. Kg2 h5 14. cxd5 Nxd5 15.
Nxd5 exd5 16. h4 Be4 17. Bd3 Nf6 18. Bxe4 Nxe4 19. Qe1 f6 20. Nd2 Nxd2 21. Qxd2
g5 22. hxg5 h4 23. Rh1 Kf7 24. Qd3 Rcg8 25. gxh4 Qd7 26. Kf3 fxg5 27. hxg5 Rxg5
28. Rh7+ Rg7 29. Rxg7+ Kxg7 30. Rg1+ Kf8 31. Ba3+ Ke8 32. Ke2 Rf8 33. Bxf8 Kxf8
1-0

[Event "Senior-DM 65+ 2023"]
[Site "Aalborg"]
[Date "2023.02.21"]
[Round "3"]
[White "Gregor, Jan"]
[Black "Nielsen, Christian Volmer"]
[Result "1-0"]
[WhiteElo "1687"]
[BlackElo "1979"]
[PlyCount "85"]
[EventDate "2023.02.19"]
[EventType "swiss"]
[EventRounds "7"]
[EventCountry "DEN"]
[SourceTitle "Live v Hans Engen"]

1. e4 c5 2. Nf3 Nc6 3. d4 cxd4 4. Nxd4 e5 5. Nb5 a6 6. Nd6+ Bxd6 7. Qxd6 Qf6 8.
Qxf6 Nxf6 9. f3 d5 10. exd5 Nxd5 11. c3 Bf5 12. Bc4 Rd8 13. Kf2 O-O 14. Nd2 b5
15. Be2 Bc8 16. Ne4 f5 17. Nc5 e4 18. f4 Na5 19. Be3 Nxe3 20. Kxe3 Rd5 21. Nb3
Nc6 22. c4 Rd6 23. cxb5 Nb4 24. Rac1 Rfd8 25. Rhd1 Rxd1 26. Rxd1 Rxd1 27. Bxd1
Nd5+ 28. Kd4 Nxf4 29. b6 Ne6+ 30. Kd5 Kf7 31. Nc5 Nd8 32. Kd6 Nb7+ 33. Nxb7
Bxb7 34. Bb3+ Ke8 35. Kc7 Ba8 36. b7 Bxb7 37. Kxb7 Kd7 38. Kxa6 Kc6 39. Bd1 g5
40. h3 e3 41. b4 h5 42. b5+ Kc7 43. Ka7 1-0

[Event "Senior-DM 65+ 2023"]
[Site "Aalborg"]
[Date "2023.02.21"]
[Round "3"]
[White "Pilgaard, Johannes"]
[Black "Mortensen, Steen Juul"]
[Result "1/2-1/2"]
[WhiteElo "1664"]
[BlackElo "1884"]
[PlyCount "37"]
[EventDate "2023.02.19"]
[EventType "swiss"]
[EventRounds "7"]
[EventCountry "DEN"]
[SourceTitle "Live v Hans Engen"]

1. e4 e5 2. Nc3 Nf6 3. f4 d5 4. fxe5 Nxe4 5. Qf3 f5 6. exf6 Nxf6 7. d4 Bg4 8.
Qd3 Nc6 9. Be2 Bxe2 10. Ngxe2 Be7 11. Nf4 Qd7 12. Be3 Bb4 13. O-O-O Bxc3 14.
Qxc3 O-O 15. Rhf1 Rae8 16. Rde1 Ng4 17. Bg1 Rxe1+ 18. Qxe1 Qd6 19. g3 1/2-1/2

[Event "Senior-DM 65+ 2023"]
[Site "Aalborg"]
[Date "2023.02.21"]
[Round "3"]
[White "Poulsen, Knud"]
[Black "Fjordside, Arne Dan"]
[Result "1-0"]
[WhiteElo "1699"]
[BlackElo "1829"]
[PlyCount "51"]
[EventDate "2023.02.19"]
[EventType "swiss"]
[EventRounds "7"]
[EventCountry "DEN"]
[SourceTitle "Live v Hans Engen"]

1. c4 Nf6 2. Nc3 e6 3. e4 Nc6 4. Nf3 d5 5. e5 Ne4 6. cxd5 Nxc3 7. bxc3 Qxd5 8.
d4 b6 9. Be2 Na5 10. O-O Bb7 11. Nh4 Qe4 12. Bg5 h6 13. Bf3 Qh7 14. Bxb7 hxg5
15. Bxa8 Qxh4 16. Qa4+ Kd8 17. h3 g4 18. d5 Qh5 19. dxe6 fxe6 20. Rad1+ Bd6 21.
exd6 cxd6 22. Rxd6+ Ke7 23. Rd7+ Kf6 24. Qf4+ Qf5 25. Qxf5+ exf5 26. Bd5 1-0

[Event "Senior-DM 65+ 2023"]
[Site "Aalborg"]
[Date "2023.02.21"]
[Round "3"]
[White "Jensen, Bent Kiel"]
[Black "Andersson, Finn"]
[Result "0-1"]
[WhiteElo "1556"]
[BlackElo "1701"]
[PlyCount "24"]
[EventDate "2023.02.19"]
[EventType "swiss"]
[EventRounds "7"]
[EventCountry "DEN"]
[SourceTitle "Live v Hans Engen"]

1. d4 e6 2. c4 Nf6 3. Nc3 c5 4. Nf3 cxd4 5. Nxd4 Nc6 6. e4 Bb4 7. Nxc6 bxc6 8.
Bd2 Bxc3 9. Bxc3 Nxe4 10. Bxg7 Qa5+ 11. Bc3 Nxc3 12. Qd2 Qe5+ 0-1

[Event "Senior-DM 65+ 2023"]
[Site "Aalborg"]
[Date "2023.02.21"]
[Round "3"]
[White "Christensen, Verner"]
[Black "Gottschalck, Christian"]
[Result "0-1"]
[WhiteElo "1824"]
[BlackElo "1691"]
[PlyCount "68"]
[EventDate "2023.02.19"]
[EventType "swiss"]
[EventRounds "7"]
[EventCountry "DEN"]
[SourceTitle "Live v Hans Engen"]

1. Nc3 d5 2. e4 dxe4 3. Nxe4 Nf6 4. Nxf6+ exf6 5. d4 Bd6 6. Nf3 c6 7. Be2 O-O
8. O-O Re8 9. Be3 Nd7 10. c3 Qc7 11. Qc2 Nf8 12. h3 Ng6 13. Rae1 Nf4 14. Bxf4
Bxf4 15. Bd3 Be6 16. Bxh7+ Kh8 17. Bd3 Qd7 18. Re4 g5 19. Rfe1 Kg7 20. Nh2 Rh8
21. g3 Bc7 22. h4 f5 23. Re5 Bxe5 24. Rxe5 f6 25. Re3 gxh4 26. Qe2 Rae8 27.
gxh4 Kf7 28. h5 Rhg8+ 29. Kf1 Qd5 30. Nf3 Qxa2 31. h6 f4 32. Rxe6 Rxe6 33. Bc4
Qb1+ 34. Ne1 Qf5 0-1

[Event "Senior-DM 65+ 2023"]
[Site "Aalborg"]
[Date "2023.02.21"]
[Round "3"]
[White "Nielsen, Peter"]
[Black "Jorgensen, Orla Eilegaard"]
[Result "1/2-1/2"]
[WhiteElo "1685"]
[BlackElo "1482"]
[PlyCount "68"]
[EventDate "2023.02.19"]
[EventType "swiss"]
[EventRounds "7"]
[EventCountry "DEN"]
[SourceTitle "Live v Hans Engen"]

1. e4 c5 2. Nf3 a6 3. d3 Nf6 4. g3 g6 5. Bg2 Bg7 6. c3 d6 7. h3 b5 8. e5 dxe5
9. Nxe5 Ra7 10. Be3 Bb7 11. Bxb7 Rxb7 12. Qf3 Rc7 13. b4 Qd5 14. Bf4 Qxf3 15.
Nxf3 Rc8 16. Bxb8 Rxb8 17. bxc5 O-O 18. O-O Nd5 19. d4 Rfd8 20. a4 b4 21. cxb4
Rxb4 22. Rd1 Nc7 23. Ra2 Ne6 24. c6 Bxd4 25. Rad2 Bb6 26. Rxd8+ Nxd8 27. Rc1
Nxc6 28. Nbd2 Nd4 29. Nxd4 Rxd4 30. Rc6 Rd6 31. Rc8+ Rd8 32. Rc6 Rd6 33. Rc8+
Rd8 34. Rc6 Rd6 1/2-1/2

[Event "Senior-DM 65+ 2023"]
[Site "Aalborg"]
[Date "2023.02.21"]
[Round "3"]
[White "Christensen, Claus"]
[Black "Lindhard, Lars"]
[Result "1-0"]
[WhiteElo "1536"]
[BlackElo "1284"]
[PlyCount "45"]
[EventDate "2023.02.19"]
[EventType "swiss"]
[EventRounds "7"]
[EventCountry "DEN"]
[SourceTitle "Live v Hans Engen"]

1. e4 e5 2. Nf3 Nc6 3. Bc4 Bc5 4. O-O Nf6 5. d3 O-O 6. h3 h6 7. Nbd2 a6 8. a3
d6 9. b4 Ba7 10. Ba2 b5 11. Re1 Ne7 12. Nf1 Bb7 13. Be3 Ng6 14. Qc1 Bxe3 15.
fxe3 Nd7 16. Ng3 Bc8 17. Rf1 Qe7 18. Nf5 Qd8 19. Qe1 Nf6 20. N3h4 Bxf5 21. Rxf5
Nxh4 22. Qxh4 Kh7 23. Raf1 1-0